| 000 | 01002nam a22002057a 4500 | ||
|---|---|---|---|
| 999 |
_c62815 _d62815 |
||
| 003 | Ge_BSU | ||
| 005 | 20250304120742.0 | ||
| 008 | 250304s1981 ge ||||| |||| 00| 0 geo d | ||
| 041 | _ageo | ||
| 080 | _a616-036.22(075.32) კ-14 | ||
| 100 |
_aკავილაძე, ო. _924434 |
||
| 245 |
_aეპიდემიოლოგია : _b[სახელმძღვ. საშ. სამედ. სასწავლებლების მოსწავლეთათვის] / _cო. კავილაძე, თ. კერესელიძე; ავტ.ი. თოფურიას რედ. |
||
| 264 |
_aთბ. : _bგანათლება, _c1981. |
||
| 300 |
_a279 გვ. ; _b 21 სმ. |
||
| 653 | _aეპიდემიოლოგია | ||
| 653 | _aმედიცინა | ||
| 700 |
_aკერესელიძე, თ. _eავტორი _924435 |
||
| 700 |
_aთოფურია, ი. _eრედაქტორი _922398 |
||
| 942 |
_2udc _cᲬᲘᲒᲜᲘ |
||